000
00349pam a2200157a 44500
008
230515b1992 xxu||||| |||| 00| 0 eng d
020
_a
NULL
041
_a
ENGLISH
082
_a
621.3815 WAL
100
_a
WALLS RON
245
_a
INTRODUCTION TO CIRCUIT ANALYSIS
250
_a
1
260
_a
NULL
_b
NA
_c
1992
300
_a
820
650
_a
NULL
999
_c
638071
_d
638071